000 00323nam a22001457a 4500
008 210430b ||||| |||| 00| 0 eng d
020 _a9780470183595
041 _aeng
080 _24th
_a070
082 _a070
100 _a39
101 _aMED
245 _aClinical Interviewing
_cJohn S. Flanagan
942 _2udc
_cBK
999 _c57071
_d57071